000 00295nam a2200121Ia 4500
008 250327s9999 xx 000 0 und d
020 _a9780691017068
082 _bRAY
_aCQR
100 _aDEBRAJ RAY
_934137
245 0 _aDEVELOPMENT ECONOMICS
260 _bPRINCETON UNIVERSITY PRESS
942 _cBK
999 _c6820
_d6820